000 00695nam a22002177a 4500
003 UA-OsUOA
001 64950
007 ta
008 20091111b un ||||| |||| 00| 0 ukr d
100 _aВахнован В.
090 _a02
_bВ22
942 _cSA
040 _aUA-OsUOA
_bukr
_cUA-OsUOA
_dUA-OsUOA
245 _aМетодологічні та соціокультурні аспекти становлення бібліотечної соціології в Україні
300 _aС.40-42
955 _a0
041 _aukr
080 _a02
773 0 _w64944
_tВісник книжкової палати
_dК.
_d2009
_g9
650 7 _a02 Бібліотечна справа
_2UDC
999 _c351052
_d351052